000 00754nam a2200205Ia 4500
001 9365
003 GE_BSU
008 181216s||||||||xx |||||||||||||| ||und||
040 _cGE_BSU
080 _a821.353.1-32
100 _aმგალობლიშვილი,სოფრომ
245 _aრჩეული მოთხრობები
245 _cრედ.გ.თავზიშვილი,ბოლოსიტყვ.და შენიშვნ.მხატვ.ე.ახვლედიანი
260 _aთბილისი.
260 _bსახელგამი
260 _c1951
300 _a702გვ.პორტრ.ილ.22სმ.
653 _aრჩეული მოთხრობები
942 _cBK
999 _c42661
_d42661